| 000 | 00635 a2200193 4500 | ||
|---|---|---|---|
| 001 | 63023 | ||
| 005 | 20260407155924.0 | ||
| 008 | 260407a1948 arg spa d | ||
| 003 | AR-UNSa-BCEJYS | ||
| 040 |
_aAR-UNSa-BCEJYS _bspa _cAR-UNSa-BCEJYS |
||
| 080 |
_a51-7 _xEstudios y métodos matemáticos en otros campos del conocimiento. Matemáticas científicas. Matemáticas actuariales (Matemáticas Financieras) |
||
| 245 | 1 | 0 | _aMatemática del seguro |
| 264 | 1 |
_aMadrid : _bDossat _c1948 |
|
| 300 |
_a690 p. _c25 cm. |
||
| 041 | _aspa | ||
| 942 | _cBK | ||
| 590 | _aniveau_biblio:m niveau_hierar:0 | ||
| 100 | 1 | _aLasheras Sanz, Antonio | |
| 999 |
_c7925 _d7925 |
||